[Event "Baltic Zonal II Stage 2018"]
[Site "Palanga"]
[Date "2018.06.20"]
[Round "9"]
[White "Kantans, Toms"]
[Black "Stremavicius, Titas"]
[Result "1/2-1/2"]
[WhiteElo "2526"]
[BlackElo "2444"]
[Annotator "TA"]
[PlyCount "158"]
[EventDate "2018.??.??"]
[EventType "swiss"]
[EventCountry "LTU"]
[SourceTitle "playchess.com"]
[Source "ChessBase"]
[SourceQuality "1"]

{[%evp 15,157,8,12,0,23,25,25,25,41,0,0,0,0,0,27,29,31,-2,-10,-27,-22,-38,-43,-70,-52,-61,-59,-85,-73,-66,-60,-72,-85,-73,-83,-322,-321,-310,-320,-325,-317,-321,-323,-367,-372,-355,-333,-332,-335,-299,-329,-332,-318,-309,-306,-300,-337,-310,-286,-338,-214,-181,-125,-129,-64,-60,-10,-16,-20,-14,-31,-62,-8,-11,0,-19,-19,-23,0,-21,0,-7,0,-40,-39,-33,-34,-99,-32,-42,-47,-95,-98,-122,-135,-119,-63,-70,-65,-75,-72,-65,-67,-53,-55,-95,-29,-25,-7,-35,-37,-37,-31,-39,-14,-168,-127,-127,-127,-127,-127,-127,-127,-127,-127,-129,-69,-120,-127,-129,-129,-169,-26,-11490,-479,-11631,-11198,-5409,0,0,0,0,0,0]} 1. e4 c5 2. Nf3 Nc6 3. Bb5 g6 4. O-O Bg7 5. Nc3 e5 6. d3 Nge7 7. Bc4 {B31: Sicilian: 2...Nc6 3 Bb5 g6} O-O 8. a3 d6 {LiveBook: 10 Games} 9. b4 Nd4 $146 ({Predecessor:} 9... cxb4 10. axb4 Nxb4 11. Ba3 Nec6 12. Rb1 a5 13. Nb5 Na7 14. Nxa7 Rxa7 15. Bxb4 axb4 16. Rxb4 {½-½ (49) Ter Sahakyan,S (2563)-Li,C (2732) chess.com INT 2018}) 10. Bg5 Kh8 11. bxc5 dxc5 12. Nd2 f6 13. Be3 Rb8 14. a4 a6 15. a5 Nec6 16. Na4 Nxa5 17. Bd5 b6 18. c3 Bb7 19. Ba2 Bc6 {Strongly threatening ...Bxa4.} 20. Nb2 Nb5 21. Qc1 f5 22. f3 Qd7 23. Rd1 f4 24. Bf2 g5 25. Bd5 $2 (25. Nb3 $17 {was called for.}) 25... Bxd5 $19 26. exd5 {[#]} Nxc3 $1 {[%mdl 512]} 27. Qxc3 e4 $1 28. Qc2 e3 29. Be1 exd2 30. Bxd2 Qxd5 31. Bc3 Nb3 32. Bxg7+ Kxg7 33. Rxa6 Nd4 $1 {[%cal Rd4c2]} 34. Ra7+ Rf7 35. Rxf7+ Qxf7 ({Don't take} 35... Kxf7 36. Qc4 $19) 36. Qc3 Re8 37. Nc4 Qf6 38. Qa1 {[#]} Re6 (38... g4 $1 $19 {[%mdl 512]} 39. Nd2 (39. fxg4 f3) 39... gxf3 40. Nxf3 Nxf3+ 41. gxf3 Re2) 39. Nd2 $17 Qf5 (39... Ne2+ $17 40. Kf1 Qxa1 41. Rxa1 Nd4) 40. Ne4 $15 g4 41. fxg4 Qxg4 {And now ...Qe2 would win.} 42. Rf1 $1 Rg6 {[%csl Gg6][%cal Rg4g2]} 43. Rf2 Kh6 (43... Kh8 $15) 44. Kh1 $11 Nf5 45. Qc1 {Threatens to win with h3.} Ne3 {[%cal Re3g2]} 46. h3 Qh4 47. Qd2 Nd5 48. Rf3 Qe7 49. Qa2 Qe5 50. Qa8 $1 Kg7 51. Qa7+ (51. Rf1 $15) 51... Ne7 (51... Kh8 $1 $17 52. Qa3 Rg8) 52. Qd7 {[#]} c4 $1 {[%mdl 512]} 53. Rf1 (53. dxc4 Qxe4) 53... cxd3 54. Qxd3 Nf5 $1 {Hoping for ...Re6.} 55. Rf3 Re6 (55... Ne3 $17 56. Qc3 Qxc3 57. Nxc3 Rc6) 56. Nf2 $1 $15 Nd4 {White must now prevent ...h5.} 57. Ng4 Qe4 $40 {[%mdl 128] Black goes for the king.} 58. Qxe4 Rxe4 $17 {[%mdl 4096] Endgame KRN-KRN} 59. Rd3 Nf5 60. Kg1 Re2 (60... Ng3 $17 61. Rd7+ Kg6 62. Rd6+ Kf7) 61. Rb3 $11 h5 (61... Nh4 {feels hotter.} 62. Nf2 Re1+ 63. Kh2 Re6 64. Rb5 Rg6) 62. Nh2 Ne3 63. Rxb6 Rxg2+ 64. Kh1 Rg3 65. h4 $2 (65. Rb4 $1 $11 {and White is okay.}) 65... f3 {[%cal Bf4f3,Bf3f2][%mdl 32]} 66. Rb2 Ng4 67. Nf1 Rh3+ 68. Kg1 Rxh4 69. Rb6 Rh3 70. Ra6 f2+ 71. Kg2 {[#]} Rb3 $1 {[%cal Rb3b1]} 72. Nd2 Rd3 73. Nf1 h4 (73... Rd1 $19 {aiming for ...Kf7.} 74. Rb6 Kh7) 74. Ra4 $2 {[%mdl 8192]} (74. Ra7+ $11 Kf6 75. Ra6+ Ke5 76. Ra5+ Ke4 77. Ra4+ Kf5 78. Ra5+ Kg6 79. Ra6+ Kh7 80. Ra7+ Kh6 81. Ra6+ Kh7 82. Ra7+ Kh8 83. Ra8+ Kh7 84. Ra7+) 74... h3+ $19 75. Kh1 Ne3 76. Rf4 {[#]} Nxf1 $2 (76... Rd1 $1 $19 {[%cal Rd1f1]} 77. Rxf2 Nxf1) 77. Rf7+ $11 {The position is equal.} Kg6 78. Rf6+ $1 Kg5 {( -> ...Ng3+)} 79. Rf5+ $1 Kxf5 $4 {[%mdl 8192] Precision: White = 52%, Black = 49%.} (79... Kg4 80. Rf4+ Kh5 81. Rf5+ Kg6 82. Rf6+ Kg5 83. Rf5+ Kh4 84. Rf4+ Kh5 85. Rf5+ Kg6 86. Rxf2 Ng3+ 87. Kg1 Ne4) 1/2-1/2

[Event "Baltic Zonal II Stage 2018"]
[Site "Palanga"]
[Date "2018.06.20"]
[Round "9"]
[White "Rozentalis, Eduardas"]
[Black "Samolins, Vitalijs"]
[Result "1-0"]
[WhiteElo "2519"]
[BlackElo "2406"]
[Annotator "TA"]
[PlyCount "105"]
[EventDate "2018.??.??"]
[EventType "swiss"]
[EventCountry "LTU"]
[SourceTitle "playchess.com"]
[Source "ChessBase"]
[SourceQuality "1"]

{[%evp 18,105,0,0,62,-10,0,-17,-4,-21,-14,-16,-4,-28,0,0,19,-12,-15,-20,4,7,20,0,0,-7,0,-7,0,0,0,0,0,0,0,-68,-66,-67,-65,-64,-61,-62,-59,-55,-70,-99,-95,-164,0,-62,-63,-153,-173,-202,0,-17,0,0,0,0,0,0,0,0,0,0,88,0,329,330,329,295,486,487,540,533,681,644,1310,1265,1262,1231,1877,1757,29988,29989,29992,29993,29993,29994]} 1. e4 e5 2. Nc3 Nf6 3. g3 d5 4. exd5 Nxd5 5. Bg2 Nxc3 6. bxc3 Nc6 7. d3 Bc5 8. Nf3 O-O 9. O-O Re8 {C47: Scotch Four Knights and Four Knights with 4 g3} (9... Bg4 10. h3 Bh5 11. Rb1 Bb6 12. g4 Bg6 13. Bg5 f6 14. Be3 e4 15. Nh4 exd3 16. Nxg6 hxg6 17. cxd3 Qd7 18. d4 {½-½ (84) Mamedov,R (2688)-Jakovenko,D (2704) Doha 2016}) 10. Ng5 {[%cal Bf3g5,Bg5e4,Be4c3,Bc3d5][%mdl 32] [#] LiveBook: 4 Games. Threatens to win with Qh5.} Bf5 (10... f6 $11 11. Ne4 Bb6) 11. Rb1 (11. g4 $14 Bc8 12. Qf3) 11... Bb6 {The position is equal.} 12. c4 h6 $146 ({Predecessor:} 12... Rb8 13. Bd5 Bg6 14. h4 h5 15. Kh2 Ne7 16. Bf3 f6 17. Ne4 Bxe4 18. Bxe4 {1-0 (38) Geurink,J (2345)-Okkes,M (2337) Netherlands 2014}) 13. Ne4 Qd7 14. Kh1 Rad8 15. Be3 Bxe3 16. fxe3 {aiming for Nc5.} Bg4 17. Qd2 {Nc5 is the strong threat.} b6 18. Nc3 Bh3 19. Bxh3 Qxh3 20. Qf2 Qe6 21. Nd5 Rd7 22. e4 Nd4 23. a4 Qd6 24. a5 c6 25. Ne3 b5 {[%cal Bb6b5,Bb5b4][%mdl 32]} 26. a6 (26. cxb5 $11 cxb5 27. Nd5) 26... b4 $15 27. Rb2 c5 28. Ra2 Rc8 29. Nd5 Rc6 30. Rfa1 Qe6 31. Kg2 Rdd6 32. Rb2 (32. c3 $17 {was worth a try.} bxc3 33. Nxc3) 32... Rd7 $2 (32... Rxa6 $19 33. Rxa6 Rxa6) 33. Ra5 (33. Rba2 $1 $11) 33... Kh7 34. Rba2 (34. Ne3 $15) 34... Qg4 $17 35. Ne3 Qe6 $2 (35... Qh5 $19 {And now ...Rf6 would win.} 36. g4 Qg5) 36. Nf5 g6 37. Nxd4 Rxd4 38. Rb5 Kg7 39. Rb7 Rd7 40. Ra5 (40. Qe3 {with more complications.} Qe7 41. Rb5 Rdc7 42. Raa5 Qf8 43. Qe1) 40... Qe7 41. Rxc5 Rxa6 {[#]} (41... Rf6 $11 42. Qe1 Rxa6 43. Rxd7 Qxd7) 42. Rxe5 $1 {[%mdl 512]} Rxb7 $4 {[%mdl 8192]} (42... Qxe5 $11 {and Black stays safe.} 43. Rxd7 Rf6) 43. Rxe7 $18 Rxe7 $11 {[%mdl 4096] Endgame KQ-KRR} 44. c5 {[%cal Bc4c5,Bc5c6][%mdl 32]} Ra2 $2 (44... Rd7 45. Qg1 Rd8) 45. Qd4+ $18 Kh7 46. Qc4 Rb2 47. Kh3 a5 {Black hopes to continue with ...a4.} 48. c6 Rc7 49. d4 {[%cal Bd3d4,Bd4d5,Bd5d6,Bd6d7][%mdl 32]} a4 50. d5 a3 51. d6 {White mates.} Rxc6 52. Qxf7+ Kh8 53. d7 {Precision: White = 41%, Black = 41%.} 1-0

[Event "Baltic Zonal II Stage 2018"]
[Site "Palanga"]
[Date "2018.06.20"]
[Round "9"]
[White "Sulskis, Sarunas"]
[Black "Neiksans, Arturs"]
[Result "1/2-1/2"]
[WhiteElo "2506"]
[BlackElo "2561"]
[Annotator "TA"]
[PlyCount "64"]
[EventDate "2018.??.??"]
[EventType "swiss"]
[EventCountry "LTU"]
[SourceTitle "playchess.com"]
[Source "ChessBase"]
[SourceQuality "1"]

{[%evp 9,64,0,0,1,0,0,0,-8,6,5,-2,-17,0,-13,-7,-16,-12,-31,-18,-23,-23,-30,-23,-39,-20,-22,-26,-27,-8,-16,0,-15,8,8,17,8,21,17,26,26,25,25,28,26,40,11,35,0,21,6,6,6,2,6,5,0,0]} 1. c4 e5 2. Nc3 Nf6 3. e3 Bb4 4. Nge2 O-O 5. Ng3 c6 6. a3 {A22: Englische Eröffnung} Be7 7. d4 exd4 8. exd4 d5 9. cxd5 $146 ({Vorgänger:} 9. c5 Re8 10. Be2 b6 11. b4 bxc5 12. bxc5 Bxc5 13. dxc5 d4 {½-½ (33) Papaioannou,I (2577)-Gelfand,B (2703) Plovdiv 2003}) 9... Nxd5 10. Bd3 Be6 11. O-O $1 Nd7 12. Re1 Re8 13. Bd2 Bf6 14. Nxd5 ({Viel schlechter ist} 14. Qh5 g6 $17) 14... Bxd5 15. Qg4 Be6 16. Nf5 Bxf5 17. Rxe8+ Qxe8 18. Bxf5 {[#] Droht Te1 und aus.} Nf8 19. Rd1 Qd8 20. Bb4 Be7 21. Bc3 {Schwarz muss nun d5 beachten.} Bf6 22. h4 Qd5 23. Be4 Qe6 24. Qf3 Re8 25. Re1 {[#] Und Lxh7+! würde nun gewinnen.} Qd7 26. g3 Qd8 27. Re3 Nd7 28. h5 g6 {Die Stellung ist ausgeglichen.} 29. Bc2 Rxe3 $1 30. fxe3 Nb6 31. Kg2 Nd5 32. Bd2 Bg5 {Precision: Weiß = 48%, Schwarz = 37%.} 1/2-1/2

[Event "Baltic Zonal II Stage 2018"]
[Site "Palanga"]
[Date "2018.06.20"]
[Round "9"]
[White "Ladva, Ottomar"]
[Black "Meshkovs, Nikita"]
[Result "0-1"]
[WhiteElo "2499"]
[BlackElo "2515"]
[Annotator "TA"]
[PlyCount "106"]
[EventDate "2018.??.??"]
[EventType "swiss"]
[EventCountry "LTU"]
[SourceTitle "playchess.com"]
[Source "ChessBase"]
[SourceQuality "1"]

{[%evp 15,106,25,33,-24,-39,-43,-16,-28,4,4,12,0,2,4,21,25,30,26,21,35,58,55,168,65,63,64,50,20,41,35,65,61,147,4,20,19,20,20,23,0,0,0,20,23,36,-17,0,0,0,-40,-15,-25,0,0,0,-16,0,0,18,0,0,-17,0,0,24,0,81,86,75,7,72,-8,-2,0,16,16,16,16,0,-591,-591,-591,-591,-590,-582,-566,-446,-614,-586,-6079,-6075,-29978,-4620]} 1. d4 Nf6 2. c4 e6 3. Nf3 b6 4. g3 Bb7 5. Bg2 Bb4+ 6. Bd2 a5 7. O-O O-O 8. Bg5 Be7 {LiveBook: 183 Games} 9. d5 $146 {E16: Queen's Indian: 4 g3 Bb7 5 Bg2 Bb4+} ({Better is} 9. Re1 $14) ({Predecessor:} 9. Bxf6 Bxf6 10. Nc3 d6 11. Qc2 Qc8 12. Rad1 Nd7 13. a3 g6 14. e4 Bg7 15. Rfe1 c6 16. h4 Qc7 {0-1 (46) Bosiocic,M (2624)-Salgado Lopez,I (2644) Riadh 2017}) 9... exd5 $11 10. Nh4 h6 11. Bc1 {[%cal Rc4d5] The position is equal.} Ne4 12. cxd5 Bxh4 13. Bxe4 Bf6 14. Nc3 Re8 {[#] And now ...Bxc3 would win.} 15. Bb1 Bxc3 16. bxc3 Qf6 17. Qd3 Na6 18. Be3 c5 ({Black should try} 18... g6 $14) 19. dxc6 (19. Qh7+ $18 Kf8 20. Be4) 19... Qxc6 $14 {[%csl Gb7][%cal Rc6h1]} 20. f3 g6 21. Bxh6 Rac8 22. Be3 Nc5 23. Qd2 Qe6 (23... Ba6 $1 $14) 24. Bxc5 (24. Bd4 $16 {aiming for Qh6.} Qh3 25. Bd3) 24... Rxc5 25. Bd3 Qe5 26. Rfc1 Rec8 27. Rab1 Rxc3 28. Rxc3 Rxc3 29. Kf2 Bd5 30. Qb2 ({White should play} 30. Rxb6 $14 Bxa2 31. Qe3) 30... Qd4+ 31. Kg2 a4 32. Qa1 Qg7 (32... a3 $5 {[%cal Rb6b5]}) 33. a3 Bc6 34. h4 ({Wrong is} 34. Rxb6 $2 {[#]} Bxf3+ $1 {[%mdl 512]} 35. exf3 Rc2+ 36. Bxc2 Qxa1 $19) 34... Bd5 35. Qb2 Bb3 36. Rc1 Rc5 37. Qd2 Qe5 38. Rh1 Be6 39. g4 Qf6 40. Qh6 Qg7 (40... Bc4 $11 {remains equal.} 41. Bxc4 Rxc4) 41. Qf4 $16 b5 42. Qd6 (42. Kf2 $16) 42... Qe5 (42... Qf8 $11 43. Qd4 Bc4) 43. Qb6 (43. Qxe5 $16 Rxe5 44. Rc1) 43... Bc4 $1 $11 {[%cal Rc4d3] Hoping for ...Bxd3.} 44. Be4 $1 Qc7 45. Qf6 d5 46. h5 Rc6 $36 {[%mdl 2048] Black is pushing.} 47. Qd4 $2 {[%mdl 8192]} (47. Qh4 $1 $11 {and White is okay.} dxe4 48. hxg6 exf3+ 49. exf3 Bf1+ 50. Kg1 Qa7+ 51. Kxf1 Rc1+ 52. Kg2 (52. Ke2 Rxh1 53. Qxh1 Qe7+ 54. Kf2 Qc5+ 55. Kg2 fxg6 $11) 52... Rxh1 53. Kxh1 (53. Qxh1 fxg6 54. Qb1 Qb6 $11) 53... fxg6 54. Qd8+ Kh7 55. Qd6) 47... dxe4 $19 48. hxg6 {[%csl Gd4][%cal Rh1h8]} exf3+ 49. exf3 {[%csl Gd4][%cal Rh1h8]} f6 50. Rh7 Rd6 51. Qe3 {[%cal Re3e8]} Qd8 52. Re7 Rd2+ 53. Kh3 Re2 {Precision: White = 36%, Black = 40%.} (53... Bf1+ $142 54. Kg3 Qd6+ 55. f4 Rd3 56. Qxd3 Bxd3 57. Re3 Qxa3 58. Kf3 Qd6 59. Re1 Bxg6 60. Kg3 a3 61. Ra1 b4 62. Kh4 b3 63. Rf1 b2 64. Kg3 b1=Q 65. Rxb1 Bxb1 66. Kf3 Qd3+ 67. Kg2 a2 68. f5 a1=Q 69. Kh1 Qb2 70. Kg1 Qd1#) 0-1

[Event "Baltic Zonal II Stage 2018"]
[Site "Palanga"]
[Date "2018.06.20"]
[Round "9"]
[White "Miezis, Normunds"]
[Black "Kanep, Meelis"]
[Result "1/2-1/2"]
[WhiteElo "2468"]
[BlackElo "2454"]
[Annotator "TA"]
[PlyCount "31"]
[EventDate "2018.??.??"]
[EventType "swiss"]
[EventCountry "LTU"]
[SourceTitle "playchess.com"]
[Source "ChessBase"]
[SourceQuality "1"]

{[%evp 11,14,-6,5,-1,-1]} 1. c4 e6 2. e4 c5 3. Nc3 Nc6 4. Nf3 Nd4 5. d3 Ne7 6. Nxd4 {B40: Sicilian: 2...e6, Unusual lines} cxd4 {LiveBook: 22 Games} 7. Nb1 Nc6 {Predecessor:} 8. Be2 $146 g6 9. O-O Bg7 10. f4 O-O 11. Nd2 d6 12. Nf3 e5 13. f5 gxf5 14. exf5 Bxf5 15. Nxe5 dxe5 16. Rxf5 {0-1 (28) Berzina,I (2292)-Khalifman,A (2614) Tallinn 2013} 1/2-1/2

[Event "Baltic Zonal II Stage 2018"]
[Site "Palanga"]
[Date "2018.06.20"]
[Round "9"]
[White "Starostits, Ilmars"]
[Black "Vedrickas, Tautvydas"]
[Result "1-0"]
[WhiteElo "2461"]
[BlackElo "2408"]
[Annotator "TA"]
[PlyCount "95"]
[EventDate "2018.??.??"]
[EventType "swiss"]
[EventCountry "LTU"]
[SourceTitle "playchess.com"]
[Source "ChessBase"]
[SourceQuality "1"]

{[%evp 13,95,33,41,22,38,24,37,11,12,19,41,6,20,-10,-6,13,0,-11,116,117,174,175,169,172,186,181,184,193,400,404,369,376,449,442,413,244,544,551,555,539,544,536,511,519,498,365,345,0,0,-81,-81,-81,-116,-81,-85,-110,0,0,0,0,0,0,0,0,0,-75,-87,-55,-74,-253,0,0,29974,29966,29977,29978,29978,29979,29983,29984,29984,29985,29990,29991]} 1. d4 g6 2. e4 Bg7 3. Nc3 d6 4. Nf3 a6 5. a4 b6 6. Bc4 e6 7. h4 {B06: Modern Defence} (7. O-O Ne7 8. Bf4 Nd7 9. Qd2 h6 10. Rfe1 g5 11. Bg3 Ng6 12. h3 Nf6 13. e5 Nh5 14. Bh2 Nhf4 15. exd6 cxd6 {1-0 (36) Gustafsson,J (2630)-Fier,A (2636) Linares 2015}) 7... h6 {LiveBook: 7 Games} 8. Qe2 Nd7 9. Be3 {White is slightly better.} Ne7 10. Rd1 Bb7 11. Bc1 $146 ({Predecessor:} 11. Bb3 Qb8 12. h5 g5 13. Nh2 Nf6 {1-0 (31) Coupet,P (2290)-Julve,P (2235) France 1997}) 11... Qb8 12. Rh3 Qa7 13. b4 c5 14. b5 a5 $1 15. Bf4 cxd4 (15... Qb8 $1 $11) 16. Nxd4 $16 Ne5 {[#]} (16... Be5 $16) 17. Bxe6 $1 $18 {[%mdl 512]} O-O (17... fxe6 18. Nxe6) 18. Bb3 Rae8 19. Kf1 Qa8 20. Bc1 Nd7 $2 {[#]} (20... h5 21. Ba3 Rd8) 21. Ne6 $1 {[%mdl 512]} fxe6 22. Bxe6+ Kh7 {White must now prevent ...Nc5.} 23. Bxd7 Rd8 24. Be6 (24. Rxd6 $142 {h5 is the strong threat.} Qb8 25. e5 (25. Rxb6 Rxd7 26. h5 g5 $11)) 24... Nf5 $2 (24... Bc8 {is a better defense.}) 25. exf5 {[%cal Be4f5,Bf5g6][%mdl 32]} Bxg2+ 26. Kg1 Bxh3 {[%csl Gh3][%cal Ra8g2]} 27. fxg6+ Kh8 {[%csl Gh3][%cal Ra8g2]} 28. Bxh3 Rde8 29. Be6 Rf6 30. Qh5 $2 (30. Bd5 $1 $18 {[%cal Rd5a8]} Rxe2 31. Bxa8 Rxc2 32. Nd5 Rxg6+ 33. Kf1) 30... Rfxe6 $11 ({Much worse is} 30... Rexe6 $6 31. Bxh6 Rxg6+ 32. Bg5+ Rh6 33. Bxh6 $16) 31. Be3 (31. Bxh6 $11 {keeps the balance.} Re1+ 32. Kh2 Qh1+ 33. Kg3 Qg1+ 34. Kf3 Qh1+ 35. Kg3 Qg1+ 36. Kf3 Qh1+ 37. Kg3) 31... Re5 $1 $36 {[%cal Re5h5][%mdl 2048] Black is on the roll.} 32. Qg4 Rxe3 33. fxe3 {Hoping for Nd5.} Bxc3 34. Rxd6 Bg7 ({Black should try} 34... Rxe3 $17 35. Qf4 Re7) 35. Rxb6 $11 Rxe3 {And now ...Qd8 would win.} 36. Rc6 Re1+ 37. Kg2 Re8 {aiming for ...Qd8.} 38. Qd7 {Threatens to win with b6.} Rd8 39. Qc7 (39. Qe6 $11) 39... Rd2+ $1 $17 40. Kh3 Qe8 $1 41. b6 $2 {[#]} (41. Qc8 $17 Rd8 42. Qe6) 41... Qe3+ $2 (41... Rh2+ $1 $19 {[%mdl 512]} 42. Qxh2 Qd7+ 43. Kg2 Qxc6+ 44. Kf1 Qxb6) 42. Qg3 $11 {Intending Rc8+ and mate.} Rh2+ $2 {[%mdl 8192]} (42... Qe8 $11 43. b7 Rd8) 43. Kxh2 {White mates.} Qe2+ 44. Kh3 Qf1+ {[#]} 45. Kg4 $1 Qd1+ 46. Qf3 h5+ 47. Kg3 Qg1+ 48. Kh3 {Precision: White = 55%, Black = 43%.} 1-0

[Event "Baltic Zonal II Stage 2018"]
[Site "Palanga"]
[Date "2018.06.20"]
[Round "9"]
[White "Laurusas, Tomas"]
[Black "Pultinevicius, Paulius"]
[Result "0-1"]
[WhiteElo "2453"]
[BlackElo "2395"]
[Annotator "TA"]
[PlyCount "96"]
[EventDate "2018.??.??"]
[EventType "swiss"]
[EventCountry "LTU"]
[SourceTitle "playchess.com"]
[Source "ChessBase"]
[SourceQuality "1"]

{[%evp 32,96,37,29,25,12,49,16,56,29,50,47,49,40,55,8,95,20,24,15,29,10,13,-29,-20,-62,-70,-177,-168,-281,-298,-289,-291,-266,-283,-297,-225,-355,-261,-258,-262,-269,-277,-267,-278,-389,-294,-380,-372,-369,-335,-433,-427,-666,-653,-825,-794,-29990,-5277,-2147,-937,-1919,-937,-851,-816,-804,-782]} 1. d4 Nf6 2. c4 g6 3. Nf3 Bg7 4. g3 O-O 5. Bg2 c6 6. O-O d5 7. cxd5 cxd5 8. Ne5 e6 9. Nc3 Nfd7 10. Nf3 Nf6 11. Bf4 Nc6 12. Ne5 Nd7 {[%cal Bf6d7,Bd7e5,Be5g4][%mdl 32]} 13. Nxc6 {D79: Fianchetto Grünfeld: Symmetrical Variation (6 0-0 c6 7 cxd5 cxd5)} bxc6 14. Qd2 e5 15. dxe5 Nxe5 16. b3 Re8 17. Rac1 {LiveBook: 5 Games} Bf5 (17... Bg4 18. h3 Bf5 19. Rfe1 Qd7 20. Kh2 Rad8 21. Bxe5 Rxe5 {0-1 (44) Mamedyarov,S (2757)-Nepomniachtchi,I (2714) Sochi 2014}) 18. Na4 Rc8 19. Bh6 $146 ({Predecessor:} 19. Rfe1 h5 20. Nc5 Bf8 21. Bg5 {½-½ (79) Malenica,M (2167)-Margitic,Z (2170) Sibenik 2007}) 19... Bf6 20. Be3 Ng4 21. Bc5 Bg7 22. e3 Qd7 23. Qa5 Rc7 (23... Qe6 $11 {keeps the balance.}) 24. Bd4 (24. Rcd1 $16) 24... Bxd4 $11 25. exd4 Qd6 26. Rfe1 Rce7 27. Rxe7 Qxe7 28. Qd2 Qe2 29. Qf4 (29. Qxe2 $15 Rxe2 30. Bh3) 29... Qxa2 $19 30. Bf1 (30. h3 $142 Nxf2 31. Qxf2) 30... Re4 ({But not} 30... Qxb3 31. Nc5 $17) 31. Qf3 Rxd4 32. h3 Ne5 33. Qe3 Be4 34. Nc3 (34. Nc5 {was worth a try.}) 34... Qd2 35. Nxe4 Qxe3 ({Don't play} 35... Rxe4 36. Qxd2 Nf3+ 37. Kg2 $17) 36. Nf6+ {[#]} Kg7 $1 37. fxe3 {[#]} Rd2 $1 {( -> ...Nf3+)} 38. Ng4 Nf3+ 39. Kh1 {Hoping for Bg2.} h5 40. Bg2 hxg4 41. hxg4 {[%mdl 4096] Endgame KRB-KRN} Ne5 42. e4 (42. g5 $142) 42... d4 {[%cal Bd5d4,Bd4d3,Bd3d2][%mdl 32]} 43. g5 d3 44. Rc5 Rd1+ (44... Re2 $142 45. Rc1 d2 46. Rd1 Re1+ 47. Rxe1 dxe1=Q+ 48. Kh2 Qe2 49. b4 Nf3+ 50. Kh3 Ne1 51. Bf3 Qxf3 52. Kh4 Qh5#) 45. Kh2 {Black is clearly winning.} Ng4+ 46. Kh3 Nf2+ (46... d2 $142 47. Bf3 Ne3) 47. Kh2 d2 48. Bf3 Rc1 {Precision: White = 40%, Black = 56%.} 0-1

[Event "Baltic Zonal II Stage 2018"]
[Site "Palanga"]
[Date "2018.06.20"]
[Round "9"]
[White "Seeman, Tarvo"]
[Black "Haavamae, Henrik"]
[Result "0-1"]
[WhiteElo "2425"]
[BlackElo "2209"]
[Annotator "TA"]
[PlyCount "106"]
[EventDate "2018.??.??"]
[EventType "swiss"]
[EventCountry "LTU"]
[SourceTitle "playchess.com"]
[Source "ChessBase"]
[SourceQuality "1"]

{[%evp 19,106,7,17,0,11,-7,-8,-14,-13,-16,0,0,25,21,45,-121,-102,-124,-96,-117,-59,-53,-62,-75,-58,-91,-90,-94,147,152,185,154,139,135,119,51,62,0,0,0,287,43,95,104,94,99,90,0,0,0,0,0,0,0,0,0,0,0,0,0,0,0,155,-8,-8,-8,-8,-8,-8,-29954,-29950,-29947,-29955,-29956,-29957,-29965,-29967,-29967,-29968,-29969,-29969,-29971,-29972,-29973,-29973,-29971,-29965,-29964,-29959]} 1. e4 c5 2. Nf3 Nc6 3. Bb5 e6 4. O-O Nge7 5. c3 a6 6. Ba4 b5 7. Bc2 d5 8. d4 cxd4 9. Nxd4 Bb7 10. Nxc6 {B30: Sizilianisch (Rossolimo-Variante)} Bxc6 {LiveBook: 9 Partien} 11. Nd2 Ng6 12. a4 $146 {Die Stellung ist ausgeglichen.} ({Vorgänger:} 12. Qe2 Bd6 13. Nf3 Qc7 14. Re1 dxe4 15. Bxe4 O-O 16. h4 Rae8 17. a4 Bd7 18. axb5 axb5 {1-0 (35) Baklan,V (2602)-Getz,N (2333) Reykjavik 2011}) 12... Bd6 13. axb5 axb5 14. Rxa8 Qxa8 15. Nf3 O-O 16. e5 Nxe5 17. Ng5 $2 (17. Nxe5 $14 Bxe5 18. Bxh7+ $1 {[%mdl 512]} Kxh7 19. Qh5+ Kg8 20. Qxe5) 17... h6 18. Bh7+ Kh8 19. Bb1 g6 {[#]} (19... Qa4 $17 20. Bc2 Qg4 21. Qxg4 Nxg4) 20. Ne4 $1 $15 {[%mdl 512]} Bc7 (20... dxe4 21. Qxd6) 21. Nc5 {[#]} d4 $1 {[%mdl 512]} 22. cxd4 Bxg2 {( -> ...Sf3+)} 23. dxe5 {Te1 ist eine echte Drohung.} Bxe5 $2 (23... Rd8 $17 {hält den Druck.} 24. Qe2 Bxf1 25. Qxf1 Bxe5) 24. Re1 $1 $16 {[%cal Re1e5]} ({Bloß nicht} 24. Bxh6 $6 Bxf1 25. Be4 (25. Qxf1 Qf3 $11) 25... Qd8 $14) 24... Bf3 25. Qd2 Bg7 26. b4 {Droht stark Lb2.} Rd8 27. Qe3 ({Besser ist} 27. Qf4 $1 $16 {[%cal Rf4f7]} Kg8 28. Ne4) 27... Rd4 $14 28. Be4 (28. Ne4 $1 $14 Rxb4 29. Bc2 (29. Qxf3 Rxb1 30. Qe3 Kg8 $11)) 28... Bxe4 $11 29. Nxe4 {Und weiter mit Lb2 wäre nett.} f5 $2 {[%mdl 8192]} (29... Rxb4 $11 {und Schwarz muss sich keine Sorgen machen.} 30. Bd2 Rc4) 30. Ng3 $2 (30. Bb2 $18 Qxe4 31. Bxd4 Qxd4 32. Qxd4 (32. Qxe6 Qg4+ 33. Kf1 Qh3+ 34. Kg1 Qg4+ 35. Kh1 Qf3+ 36. Kg1 Qg4+ $11) 32... Bxd4 33. Rxe6) 30... f4 (30... Qd5 $14) 31. Qxe6 $16 fxg3 32. hxg3 Qf3 33. Be3 (33. Qxg6 $16 {Beabsichtigt Te8+ und Matt.} Rd1 34. Qe8+ Kh7 35. Bf4) 33... Rd1 $11 34. Rxd1 Qxd1+ 35. Kg2 Qd3 36. g4 Kh7 37. Bc5 Qc4 38. Qxc4 bxc4 {[%mdl 4096] Endspiel KL-KL} 39. Kf3 h5 40. b5 {Und Ke4 würde nun gewinnen.} h4 $2 {[#]} (40... c3 $11) 41. Ke4 $2 ({Lieber} 41. Be3 $1 $16) 41... h3 {zielt auf ...h2 ab.} 42. Bd6 $132 {[%mdl 2048] Schwarz muss nun b6 beachten. Weiss is not keeping still} c3 43. Kd3 {Droht b6 und aus.} Bd4 $1 {[%cal Rd4f2]} 44. f3 $2 {[%mdl 8192] [#]} (44. b6 $11 Bxb6 45. Kxc3) 44... Bg1 $1 {Schwarz setzt Matt.} 45. Kxc3 h2 46. Bxh2 Bxh2 {KL-K3B} 47. b6 g5 48. Kc4 Kg6 49. Kd5 Kf6 50. b7 Bb8 51. Kd4 Ke6 52. Ke4 Bf4 53. Kd4 Kd7 {Precision: Weiß = 40%, Schwarz = 65%.} 0-1